Revista de Economa̕ del Rosario

Detalles Bibliográficos
Formato: Revista
Lenguaje:español
Publicado: Bogot ̀: Colegio Mayor Nuestra Seǫra del Rosario, 1998-
Materias:
Acceso en línea:http://www.vlex.com/source/3162

MARC

LEADER 00000nas a22000007a 4500
005 20130322093602.0
007 cr|||| ||||
008 130322c19989999ck fr|p s|||| 0|||b1spa d
022 |a 1235362  
035 |a 3162 
040 |a vLex 
090 |c 3987  |d 3987 
245 0 0 |a Revista de Economa̕ del Rosario  |h [Recurso electrn̤ico]  
256 |a Servicio en ln̕ea 
260 |a Bogot ̀:  |b Colegio Mayor Nuestra Seǫra del Rosario,   |c 1998- 
300 |a 1 Recurso electrn̤ico 
506 |d vLex Global  |d vLex Global (Academic Edition, excluding Law Schools)  |d vLex Global (U.S. Academic Edition, Law Schools)  |d vLex Global (U.S. Academic Edition, excluding Law Schools)  |d vLex Global (Academic Edition, Law Schools) 
650 0 4 |a Economa̕  |v Revistas  |z Colombia 
740 |a vLex Revistas (Servicio en ln̕ea) 
856 |a Acceso restringido  |u http://www.vlex.com/source/3162 
942 |c REV 
999 0 |a Economics